000 00434 a2200145 4500
999 _c9314
_d9314
020 _a9788177229714
050 _aH 62 RAM 2011
100 _aRamamurthy, G.C.
_eauthor
245 _aResearch methogology /
_cG.C. Ramamurthy and Kogent Learning Solutions
264 _aNew Dehli :
_bDreamtech Press,
_c2011.
300 _axvi, 708p. :
_bill.
500 _aIncludes index.
650 _aResearch methodology
942 _2lcc
_cBK
_h62
_iRAM
_kH